000
00269nam a22001217a 4500
020
_a
978-9381714607
082
_a
539.7
_b
LIT
100
_a
Littlefield
_9
1145
245
_a
Atomic And Nuclear Physics
260
_a
Newdelhi
_b
Medtech
_c
2014
300
_a
476
942
_c
BK
999
_c
36112
_d
36112